|
|
|
|
| LEADER |
00000nam a2200000 a 4500 |
| 001 |
vtls009492590 |
| 003 |
SK-MaSNL |
| 005 |
20260301024730.0 |
| 008 |
240314s2008 xo dl e p 000 0 slo |
| 015 |
|
|
|a SNBA2009/06-02900
|
| 020 |
|
|
|a 9788080911027
|q (brož.)
|
| 035 |
|
|
|a CDD6AFEE-BB62-49CF-9176-5C90A1AD3DD0
|
| 035 |
|
|
|a urn:nbn:sk:snk-amjw0c
|
| 035 |
|
|
|a urn:nbn:sk:snk-am0081ke
|
| 040 |
|
|
|a SNK
|b slo
|c SNK
|e AACR2
|
| 041 |
0 |
|
|a slo
|
| 044 |
|
|
|a xo
|c SK
|
| 072 |
|
7 |
|a 621.3
|x Elektrotechnika
|2 konspekt
|
| 080 |
|
|
|a 621.39
|2 2001
|
| 080 |
|
|
|a (075.3)
|2 2001
|
| 100 |
1 |
|
|a Servátka, Stanislav
|4 aut
|9 319288
|
| 245 |
1 |
0 |
|a Telekomunikácie pre 3. ročník študijného odboru elektrotechnika
|n 2.
|c Stanislav Servátka
|
| 250 |
|
|
|a 1. vyd.
|
| 260 |
|
|
|a Bratislava
|b Expol pedagogika
|c 2008
|
| 300 |
|
|
|a 107 s.
|b grafy, sch.
|c 30 cm
|
| 500 |
|
|
|a Zozn. skrat.
|
| 650 |
0 |
7 |
|a telekomunikácia
|2 SNKPH
|9 105923
|
| 655 |
|
7 |
|a učebnice stredných škôl
|2 SNKPH
|9 69323
|
| 919 |
|
|
|a 978-80-8091-102-7
|
| 968 |
|
|
|d 62
|
| 999 |
|
|
|c 571718
|d 573648
|
| 952 |
|
|
|a SNK
|b SNK
|y VYP
|7 0
|p 17A0619241
|o snkSB 77605/2 D1
|i snk2009/7248
|8 0
|0 0
|1 0
|4 0
|d 2009-04-16
|l 0
|r 2016-06-30 00:00:00
|w 2026-02-23
|
| 952 |
|
|
|a SNK
|b SNK
|y PREZ
|7 0
|p 17A0619240
|o snkSB 77605/2
|i snk2009/7247
|8 0
|0 0
|1 0
|4 0
|d 2009-04-16
|f 1
|l 0
|r 2025-04-28 00:00:00
|w 2026-02-23
|